Những khoảnh khắc tình yêu
محفوظ في:
| المؤلف الرئيسي: | |
|---|---|
| التنسيق: | كتاب |
| منشور في: |
Hà Nội
Thanh Niên
2005
|
| الموضوعات: | |
| الوسوم: |
إضافة وسم
لا توجد وسوم, كن أول من يضع وسما على هذه التسجيلة!
|
| Thư viện lưu trữ: | Trung tâm Học liệu Lê Vũ Hùng, Trường Đại học Đồng Tháp |
|---|
| LEADER | 00743pam a22002538a 4500 | ||
|---|---|---|---|
| 001 | 00035737 | ||
| 008 | 161228s2005 ||||||Viesd | ||
| 005 | 20171026081025.0 | ||
| 020 | |c 22000 | ||
| 041 | 0 | # | |a Vie |
| 082 | 1 | 4 | |a 895.922 34 |b NH556KH |
| 100 | 1 | # | |a Lê, Thu Trang |
| 245 | 1 | 0 | |a Những khoảnh khắc tình yêu |c Lê Thu Trang |
| 260 | # | # | |a Hà Nội |b Thanh Niên |c 2005 |
| 300 | # | # | |a 219 tr. |c 19 cm. |
| 653 | # | # | |a Truyện ngắn |
| 653 | # | # | |a Văn học hiện đại |
| 653 | # | # | |a Việt Nam |
| 653 | # | # | |a Tình yêu |
| 852 | # | # | |j KD.0017478 |
| 852 | # | # | |b Kho đọc |j KD.0017478 |
| 910 | |d 28/12/2016 | ||
| 980 | # | # | |a Trung tâm Học liệu Lê Vũ Hùng, Trường Đại học Đồng Tháp |